countries most likely to start WW3 - Statistics

General Stats
  • This quiz has been taken 356 times
  • The average score is 7 of 10
Answer Stats
continent Answer % Correct
europe russia
97%
america usa
97%
asia china
94%
asia north korea
84%
asia india
75%
america brazil
58%
asia south korea
55%
europe Turkey
53%
asia syria
40%
asia afghanistan
31%
No matching quizzes found
Score Distribution
Percent of People with Each Score
Percentile by Number Answered
Your Score History
You have not taken this quiz